Dopasuj język do podanego państwa - Statystyki

Ogólne statystyki
  • Ten quiz został rozwiązany 1 826 razy
  • Średni wynik to 19 z 22
Statystyki odpowiedzi
Państwo Odpowiedź % Poprawnych
Francja francuski
100%
Australia angielski
96%
Polska polski
96%
Rosja rosyjski
96%
Arabia Saudyjska arabski
95%
Kanada angielski, francuski
94%
Turcja turecki
94%
Białoruś białoruski, rosyjski
93%
Austria niemiecki
93%
Brazylia portugalski
92%
Meksyk hiszpański
88%
Portoryko hiszpański, angielski
87%
Macedonia Północna macedoński, albański
87%
Chile hiszpański
86%
Filipiny filipiński, angielski
85%
Irak arabski, kurdyjski
84%
Bośnia i Hercegowina chorwacki, serbski, bośniacki
83%
Izrael hebrajski, arabski
80%
Kamerun francuski, angielski
75%
Madagaskar francuski, malgaski
71%
Kirgistan kirgiski, rosyjski
71%
Niger francuski
68%
Nie znaleziono quizów pasujących do podanych kryteriów
Rozkład punktacji
Procent ludzi z każdym wynikiem
Percentyl według liczby udzielonych odpowiedzi
Twoja historia wyników
Nie rozwiązałeś tego quizu